Normal view
MARC view
Entry Topical Term
001 - CONTROL NUMBER
- control field: 9958
003 - CONTROL NUMBER IDENTIFIER
- control field: BD-RjUL
005 - DATE AND TIME OF LATEST TRANSACTION
- control field: 20231107112555.0
008 - FIXED-LENGTH DATA ELEMENTS
- fixed length control field: 231107|| aca||aabn | a|a d
040 ## - CATALOGING SOURCE
- Original cataloging agency: BD-RjUL
- Transcribing agency: BD-RjUL
150 ## - HEADING--TOPICAL TERM
- Topical term or geographic name entry element: Human Resource Development
- General subdivision: Industrial Sector
- Geographic subdivision: Bangladesh
- Geographic subdivision: Rajshahi City
670 ## - SOURCE DATA FOUND
- Source citation: Work cat.: (BD-RjUL)82259: Rahman, K.M. Mustafizur 9957, DETERMINANTS OF HUMAN RESOURCE DEVELOPMENT IN INDUSTRIAL SECTOR IN RAJSHAHI CITY : , 2014